| 000 | 00451nam a2200169 4500 | ||
|---|---|---|---|
| 001 | 42511 | ||
| 090 | _a42511 | ||
| 100 | _a20240110 pory50 | ||
| 101 | _apor | ||
| 102 | _aPt | ||
| 200 |
_aTamanhas eram as alegrias _fGeorge Orwell _fadap. Sean Michael Wilson, il. Jaime Huable _gtra d. Guilherme Pires |
||
| 205 | _a1.ยช ed. | ||
| 210 |
_aLisboa _cCavalo de Ferro _d2023 |
||
| 215 |
_a112 p.. _cil. |
||
| 675 | _a82-9 | ||
| 801 |
_aPT _gRPC |
||
| 990 | _cLIVROS | ||